OPAC Home

ගුණපාල සේනාධීර අභිනන්දනය (Record no. 138065)

MARC details
000 -LEADER
fixed length control field 00574nam a2200205Ia 4500
003 - CONTROL NUMBER IDENTIFIER
control field LK-CoDNM
008 - FIXED-LENGTH DATA ELEMENTS--GENERAL INFORMATION
fixed length control field 010623t xxu||||| |||| 00| 1 sin d
040 ## - CATALOGING SOURCE
Original cataloging agency LK-CoDNM
Modifying agency LK-CoDNM
Description conventions LK-CoDNM
041 ## - LANGUAGE CODE
Language code of text/sound track or separate title Sinhala; Sinhalese
080 ## - UNIVERSAL DECIMAL CLASSIFICATION NUMBER
Universal Decimal Classification number x 929 WIJ
942 ## - ADDED ENTRY ELEMENTS (KOHA)
Koha item type Books
100 ## - MAIN ENTRY--PERSONAL NAME
Personal name Vitharana, Vini
700 ## - ADDED ENTRY--PERSONAL NAME
Personal name Wijayasuriya, Wimala
245 ## - TITLE STATEMENT
Title ගුණපාල සේනාධීර අභිනන්දනය
246 ## - VARYING FORM OF TITLE
Title proper/short title Gunapala Senadeera felicitation volume
260 ## - PUBLICATION, DISTRIBUTION, ETC. (IMPRINT)
Name of publisher, distributor, etc. S.Godage
Place of publication, distribution, etc. Colombo
300 ## - PHYSICAL DESCRIPTION
Other physical details (viii)151, 22 cm
650 ## - SUBJECT ADDED ENTRY--TOPICAL TERM
Topical term or geographic name as entry element Biography
650 ## - SUBJECT ADDED ENTRY--TOPICAL TERM
Topical term or geographic name as entry element Gunapala Senadeera
Holdings
Withdrawn status Lost status Damaged status Not for loan Collection code Permanent Location Current Location Date acquired Full call number Barcode Koha item type
        Monographs Library National Museum Colombo - Sri Lanka Library National Museum Colombo - Sri Lanka 2023-08-02 x 929 WIJ 2000-138151-240 Books
Copyright © 2023 Department of National Museum, Colombo 07, Sri Lanka Funded by UNESCO IFAP UNESCO